[Event "Zug FIDE GP"]
[Site "Zug"]
[Date "2013.04.19"]
[Round "2"]
[White "Topalov, Veselin"]
[Black "Leko, Peter"]
[Result "1-0"]
[WhiteElo "2771"]
[BlackElo "2744"]
[Annotator "Krasenkow,M"]
[PlyCount "115"]
[EventDate "2013.04.18"]
[EventType "tourn"]
[EventRounds "11"]
[EventCountry "SUI"]
[EventCategory "21"]
[SourceTitle "CBM 154"]
[Source "ChessBase"]
[SourceDate "2013.05.15"]
[SourceVersion "1"]
[SourceVersionDate "2013.05.15"]
[SourceQuality "1"]
[WhiteClock "0:18:46"]
[BlackClock "0:00:40"]

1. d4 Nf6 2. c4 e6 3. Nf3 d5 4. Nc3 Bb4 5. cxd5 exd5 6. Bg5 h6 7. Bh4 c5 8. e3
c4 9. Nd2 g5 10. Bg3 Bf5 {This line was examined in CBM 141, game Radlabov -
Eljanov (annotations by GM Pavel Eljanov).} 11. Be5 {Probably a bit premature.}
(11. Be2 {is more common; here are some recent games:} O-O (11... Nc6 12. h4
Rg8 (12... O-O $5) 13. a3 $5 (13. hxg5 hxg5 14. Rc1 Kf8 (14... Qe7 15. O-O Bxc3
16. Rxc3 b5 17. a4 a6 18. Qa1 b4 19. Rcc1 Ne4 $132 {0-1 (35) Kosteniuk,A (2497)
-Hou,Y (2575) Rostov on Don 2011}) 15. O-O Rh8 16. b3 Bxc3 17. Rxc3 b5 18. bxc4
bxc4 19. Qa4 Rc8 20. Nxc4 $2 Ne4 21. Rcc1 Qf6 $19 {0-1 (37) Riazantsev,A (2705)
-Kulaots,K (2581) Warsaw POL 2012}) 13... Bxc3 14. bxc3 b5 15. O-O Qe7 16. Re1
Kf8 17. hxg5 hxg5 18. e4 $1 Nxe4 19. Nxe4 dxe4 20. a4 b4 21. d5 Rd8 22. Bxc4
$14 {1-0 (33) Ding,L (2637)-Wang Hao (2728) Ningbo 2011}) (11... Nbd7 12. O-O
Qa5 (12... O-O 13. f3 Bg6 14. e4 Bxc3 15. bxc3 Qa5 16. Qc1 b5 17. e5 Nh7 18. f4
$16 {1-0 (44) Cheparinov,I (2640)-Cramling,P (2536) Villafranca 2010}) 13. Qc1
O-O 14. a3 Bxc3 15. bxc3 Rac8 16. f3 Bd3 17. Re1 Rfe8 18. Bd1 Re6 19. Nf1 Rce8
20. Qd2 Nf8 $13 {1-0 (36) Moradiabadi,E (2502)-Dizdar,G (2521) Paris 2006}) 12.
O-O (12. h4 $6 Re8 13. hxg5 hxg5 14. Be5 Nbd7 15. f4 Bxc3 16. bxc3 b5 17. g4
Bh7 18. Rh6 Re6 19. fxg5 Nxe5 20. gxf6 Ng6 $17 {0-1 (31) Nyback,T (2636)
-Grandelius,N (2545) Plovdiv 2012}) 12... Re8 13. a3 Bxc3 14. bxc3 Nc6 15. Re1
b5 $11 {0-1 (31) Eljanov,P (2716)-Morozevich,A (2788)/ Moscow 2008/CBM 126
Extra}) ({The immediate} 11. h4 {is also possible, e.g.} Rg8 12. hxg5 hxg5 13.
Be5 Bxc3 14. bxc3 Nbd7 15. Qf3 Bg6 16. Bxf6 Nxf6 17. Qg3 Qb6 18. Qe5+ Kd7 19.
Be2 Rae8 20. Qxg5 Bc2 21. Qf4 Qb2 22. O-O Rxg2+ 23. Kxg2 Rg8+ 24. Kh2 Rh8+ 25.
Kg2 {1/2 (25) Nyback,T (2618)-Kulaots,K (2567) Salo FIN 2012}) ({Finally,
White can go for simplifications:} 11. Bxb8 {[%cal Rd1a4]} Bxc3 $8 12. bxc3
Rxb8 13. Qf3 Bg6 14. h4 gxh4 15. Qf4 b5 16. a3 Rb6 17. Be2 Re6 18. Rxh4 Ne4 19.
Rc1 h5 $13 {1-0 (45) Chiburdanidze,M (2502)-Xu Yuhua (2484) Doha 2011}) 11...
Bxc3 {More or less forced.} (11... Nbd7 $2 12. Bxf6 Qxf6 13. Nxd5 $16) 12. bxc3
Nbd7 13. Bd6 (13. Qa4 O-O 14. Bg3 {is rather illogical:} Re8 15. Be2 Re6 16.
O-O Qe7 17. Qd1 Qa3 $36 {1-0 (54) Zhou Jianchao (2660)-Xiu,D (2508) Xinghua
Jiangsu 2011}) 13... Qb6 14. Bb4 $146 {This move provokes 14...a5 but that is
rather good for Black, who starts advancing his queenside pawns.} (14. Bg3 Qb2
$1 15. Qc1 Qxc1+ 16. Rxc1 b5 17. f3 O-O 18. Kf2 Rfe8 19. a4 a6 20. Be2 Re6 $15
{0-1 (56) Radjabov,T (2740)-Eljanov,P (2751) Astrakhan 2010 CBM 141 [Eljanov]})
(14. Ba3 Qa6 (14... Qe6 15. Qa4 a5 16. Qb5 $14 {Werle,J (2574)-Bartel,M (2599)
Germany 2010}) 15. Bb4 Qe6 16. a4 Ne4 17. a5 g4 18. Be2 Ndf6 19. Nf1 O-O-O $15
{0-1 (30) Gauglitz,G (2465)-Dizdar,G (2500)/Halle 1987/ CBM}) 14... a5 15. Ba3
Qc6 16. Be2 b5 17. O-O Rb8 18. f3 b4 19. Bb2 O-O 20. Rc1 Nb6 {Black has seized
the initiative.} 21. Ba1 Qe6 (21... Rfc8 $5 22. e4 Bg6) 22. e4 dxe4 {The
position now opens up.} (22... Bg6 $5 {and if} 23. exd5 Nfxd5 24. Nxc4 {then}
bxc3 $17 25. Bxc3 $2 Nxc4 26. Bxc4 Qe3+ 27. Kh1 Nxc3) 23. cxb4 axb4 24. fxe4
Nxe4 $6 (24... Bxe4 $142 $1 25. Rxf6 (25. Nxc4 Nfd5 $15) 25... Qxf6 26. Nxe4
Qf4 27. Nf2 Ra8 28. Rc2 c3 {Despite White's formal material advantage, his
position is worse, due to Black's strong c3-pawn.}) 25. Bxc4 Nd5 26. Nb3 {
[%mdl 2048] White has considerably activated his pieces.} Bg6 27. Nc5 Qd6 28.
Qf3 Rfe8 (28... Rbe8 $142 $1 29. Nb7 Qd7 30. Nc5 Qd6 $11) 29. Na6 $1 {Suddenly
White wins an exchange. OK, for a pawn, and Black's compensation is obvious
but still Black is not totally safe now. Besides, Peter Leko comes under
tremendous time pressure.} Rb7 30. Bxd5 Qxd5 31. Nc7 Rxc7 32. Rxc7 Qxa2 33. Qh3
(33. d5 $5 {[%cal Ga1h8]} Qxd5 34. h4) 33... Qd5 (33... Kh7 {was quite
possible; well, White could have played} 34. d5 {here, too.}) 34. Qxh6 Nc3 35.
Kh1 $2 (35. Bxc3 $142 bxc3 36. Kh1 Qf5 37. Rg1 c2 38. Rc5 Qf2 39. Rc6 $11)
35... Qf5 36. Rg1 Ne4 37. Rc2 b3 38. d5 f6 39. Re2 Bf7 $2 (39... Ng3+ $4 40.
hxg3 Rxe2 {didn't work due to} 41. g4 $1 Qe4 42. Bxf6 $18) (39... Kf7 $1 {
was the way to obtain an advantage:} 40. d6 Ng3+ 41. hxg3 Rxe2 42. d7 $1 Rd2 $1
{winning the d-pawn (Indicated by GM M.Golubev)} ({but not} 42... Qxd7 $2 43.
Bxf6 Kxf6 44. Rf1+)) 40. d6 Qg6 $2 (40... Bd5 $1 41. d7 Rd8 42. Rc1 $1 {
[%cal Yh1g1]} Bb7 $1 43. Re3 $1 g4 $1 {(M.Golubev)} 44. Rxb3 Rxd7 $132 {
[%cal Rd7h7] is, of course, impossible to find on move 40.}) 41. Qxg6+ Bxg6 42.
d7 Rd8 43. Rd1 $16 {Black has no compensation for the exchange anymore, and
White gradually overcomes the technical difficulties in this ending:} Kf7 44.
g4 Nc5 45. Rd6 Ne4 46. Rd4 Nc5 47. Re3 Bc2 48. Rc3 Nxd7 49. Re3 f5 50. Bb2 fxg4
51. Rd5 Kg6 52. Re7 Ra8 53. Rdxd7 Ra2 54. Rd6+ Kh5 55. Bg7 g3 56. h3 Bg6 57.
Ree6 b2 58. Bxb2 1-0

[Event "Zug FIDE GP"]
[Site "Zug"]
[Date "2013.04.23"]
[Round "5"]
[White "Topalov, Veselin"]
[Black "Nakamura, Hikaru"]
[Result "1-0"]
[WhiteElo "2771"]
[BlackElo "2767"]
[Annotator "Szabo,Kr"]
[PlyCount "143"]
[EventDate "2013.04.18"]
[EventType "tourn"]
[EventRounds "11"]
[EventCountry "SUI"]
[EventCategory "21"]
[SourceTitle "CBM 154"]
[Source "ChessBase"]
[SourceDate "2013.05.15"]
[SourceVersion "1"]
[SourceVersionDate "2013.05.15"]
[SourceQuality "1"]

1. e4 e5 2. Nf3 Nc6 3. Bb5 a6 4. Ba4 Nf6 5. O-O Be7 6. d3 d6 7. c3 Bg4 {
This move is not so popular nowadays.} (7... O-O {is more common.}) 8. Re1 {
This may also arise via C87 6.Re1 d6 7.c3 Bg4 8.d3.} Nd7 {Immediately
transferring the N to the <<.} (8... O-O {is the main alternative.}) 9. h3 ({
The another lines are} 9. Be3) ({and} 9. Nbd2) 9... Bh5 ({Black's main plan is
} 9... Bxf3 10. Qxf3 {and} Bg5 {to exchange the dark-squared B} 11. Be3 {
is similar to the game.} (11. Qg3 {looks more ambitious, but after} Bxc1 12.
Qxg7 Bxb2 13. Qxh8+ Ke7 (13... Nf8 $6 14. Nd2 Bxa1 15. Rxa1 Qg5 16. Nf3 {
with some pressure.}) 14. Qxd8+ Nxd8 15. Nd2 Bxa1 16. Rxa1 $11 {Black is
closer to an equal endgame.})) 10. Be3 (10. Nbd2 {is also possible, but first
White develops his B.}) 10... b5 ({7 years ago, Topalov had a game with} 10...
h6 11. g4 Bg6 12. Nbd2 h5 13. g5 Nb6 14. Bb3 h4 15. a4 d5 $1 16. a5 d4 17. cxd4
exd4 18. Bf4 Nd7 $13 {Topalov-Mamedyarov, Wijk aan Zee 2006; with a very
unclear struggle.}) 11. Bc2 (11. Bb3 {is another alternative keeping the B on
the a2-g8 diagonal.}) 11... Nb6 $146 (11... h6 {preparing Bg5} 12. Nbd2 Bg5 13.
Nf1 Qf6 14. g4 Bg6 15. Nxg5 hxg5 16. Qd2 Qf3 17. Ng3 Rxh3 18. Bd1 Rxg3+ 19.
fxg3 Qxg3+ 20. Kf1 Nc5 $44 {Palac-I.Sokolov, Sibenik 2011}) 12. Nbd2 O-O 13.
Nf1 Rb8 {It lookes like a strange move, but Black protects his N and prepares
for d5.} ({The immediate} 13... d5 $6 {could have been met by} 14. Bxb6 $1 cxb6
15. d4 $1 exd4 16. exd5 Na5 (16... Qxd5 17. Be4 $18 {loses a piece.}) 17. Ng3
Bxf3 18. Qxf3 Bf6 (18... dxc3 $2 19. Qe4 $18) 19. Ne4 $16 {and White is better.
}) 14. Ng3 (14. a3 $5 {is a very interesting prophylactic move. White prepares
for Bb3 and in the event of Na5 he can reply with Ba2.} Bxf3 ({in the event of
} 14... d5 15. Bxb6 Rxb6 16. exd5 Qxd5 17. Ne3 Qd8 18. Bb3 {White is very
active. The b3 B and e3 N work well together.}) 15. Qxf3 Bg5 16. Bb3 (16. b4 $5
) 16... Na5 17. Ba2 $14 {showing the main idea of a3.}) 14... Bxf3 15. Qxf3 Bg5
16. Nf5 Bxe3 17. Nxe3 ({After} 17. fxe3 {the white P wouldn't be so flexible.})
17... Ne7 18. d4 c5 19. dxe5 dxe5 20. h4 $5 {A very ambitious move. It
prevents Ng6 and causes some unpleasant problems for Black to avoid h5-h6.} Qd6
21. Red1 Qe6 22. a4 $1 {A very good move. Since Black is preventing White's
h5-h6 threats, Topalov suddenly starts to play on the queenside.} Rfd8 ({
In the case of} 22... Nxa4 23. Bxa4 bxa4 24. Rxa4 Rxb2 25. Nc4 $36 {followed
by Rd6 with a strong initiative.}) 23. axb5 axb5 24. Rxd8+ Rxd8 25. Ra6 Qc6 26.
c4 $1 b4 27. Ba4 $1 {Topalov improves his B and protects his Q side with Bb5.}
({The computer suggests} 27. Nd5 {, but after} Nexd5 28. exd5 Qb7 29. Ra1 Ra8
30. Rxa8+ Qxa8 {Black can hold the position.}) 27... Qb7 28. Bb5 Nbc8 29. Ng4
Nd6 30. Nxe5 Qxe4 31. Qxe4 Nxe4 32. f3 Ng3 33. Kf2 {White's advantage is
undeniable, as all of his pieces are more active than Black's and the B is
also stronger than the N.} Ngf5 (33... Nh1+ 34. Ke1 $14) 34. h5 f6 35. Nd7 Rc8
36. Ba4 $1 {Threatening with Ra5.} Nd4 37. h6 $1 f5 38. Ke3 (38. hxg7 Kxg7 39.
Ke3 b3 {transposes to the game.}) 38... b3 ({If} 38... gxh6 39. Nxc5 Nxf3 40.
gxf3 (40. Kxf3 Rxc5 41. Rb6 $16) 40... Rxc5 41. Kd4 Rc8 42. c5 $16 {then White
is also better.}) 39. hxg7 Kxg7 40. Kd3 Nc2 41. Kc3 f4 42. Ra7 Kg6 43. Bxb3 $18
Ne3 44. Nxc5 $1 N7f5 45. Ra6+ Kh5 46. Ne6 Kh4 47. Nxf4 Kg3 48. Nd3 Kxg2 49. c5
Kxf3 50. Be6 Rd8 51. Bxf5 Nxf5 52. Rf6 Ke4 53. Re6+ Kf3 54. b4 h5 55. Ne5+ Kf4
56. Nf7 Rf8 57. Nd6 Nxd6 58. Rxd6 Rh8 59. b5 h4 60. b6 h3 61. b7 h2 62. Rd1 Ke4
63. Kc2 $1 {A very good practical move.} ({Topalov avoids the Q vs R ending.
After} 63. c6 h1=Q 64. Rxh1 Rxh1 65. b8=Q Rc1+ 66. Kd2 Rxc6 {which is also
winning, but the text move is easier.}) 63... Rg8 64. c6 Rg2+ 65. Kc3 Rg3+ 66.
Kc4 Rg1 67. b8=Q h1=Q 68. Rd4+ Kf5 69. Qf4+ Kg6 70. Rd6+ Kh7 71. Qf5+ Kh8 72.
Qf8+ 1-0

[Event "Zug FIDE GP"]
[Site "Zug"]
[Date "2013.04.29"]
[Round "10"]
[White "Caruana, Fabiano"]
[Black "Topalov, Veselin"]
[Result "0-1"]
[WhiteElo "2772"]
[BlackElo "2771"]
[Annotator "Margvelashvili,G"]
[PlyCount "98"]
[EventDate "2013.04.18"]
[EventType "tourn"]
[EventRounds "11"]
[EventCountry "SUI"]
[EventCategory "21"]
[SourceTitle "CBM 154"]
[Source "ChessBase"]
[SourceDate "2013.05.15"]
[SourceVersion "1"]
[SourceVersionDate "2013.05.15"]
[SourceQuality "1"]

1. e4 {Before this game, Topalov was leading the tournament and had half point
more than Caruana. So it was one of Caruana's last chances to catch Topalov.
No wonder he chose a very aggressive set-up with White.} c5 2. Nf3 d6 3. d4
cxd4 4. Nxd4 Nf6 5. Nc3 a6 6. Be3 e5 7. Nb3 Be6 8. f3 Be7 9. Qd2 O-O (9... h5 {
This move has been played by Topalov previously. The idea is to prevent g4 and
develop an attack on the queenside. On the other hand the h5-pawn almost
denies Black an opportunity to castle short.}) 10. O-O-O {Caruana and Topalov
have castled on opposite sides. Now the question is whose attack will be
faster.} a5 $5 {Topalov tries to push his pawn to a4 and then possibly to a3,
getting rid of the knight from b3 and weakening Caruana's queenside pawns.} 11.
a4 {Preventing the above mentioned plan.} Na6 {We will see on the next move
why Topalov developes his knight on a6, and not c6.} 12. Bb5 Nc7 $1 {Strong
move. Topalov wants to exchange the b5-bishop that defends Caruana's position
on the queenside, and also prepares for a possible d5-push.} (12... Nb4 {
is more natural, but in many variations this knight is misplaced on b4.}) 13.
Bb6 {Caruana cannot afford to give up his b5-bishop, so he decides to exchange
the dark-squared bishop for the c7-knight.} (13. Be2 {this retreat is too slow,
since after} d5 $1 {Black developes a big initiative in the center.}) 13... Qc8
14. Bxc7 Qxc7 15. g4 {Caruana proceeds with his own plan. He wants to get rid
of the f6-knight and occupy the d5-square.} Rfd8 16. g5 Nh5 17. Nd5 Bxd5 18.
exd5 g6 19. Kb1 {The opening phase of this game is over and we can draw some
conclusions. Both kings are defended very well, and neither side can develop
an attack. But whereas Black has a clear plan of pushing f6 and attacking the
weak f3-pawn, White's plan is less obvious. Probably the best Caruana can do
is to bring the b3 knight to e4. Overall, I think Topalov's position is
slightly preferable and easier to play.} Rf8 $1 20. Qe3 Qd8 (20... Nf4 21. h4
f6 {was already possible, with a slight advantage for Black.}) 21. h4 Nf4 22.
Qg1 h6 $5 {Topalov deviates from his original plan. He wants to exchange the
h6-pawn for the g5-pawn, which would allow him to push ...f5 and dominate in
the center.} 23. Nd2 Kg7 24. gxh6+ Kxh6 {The king looks dangerously placed on
h6, but Caruana does not have enough resources to cause any troubles.} 25. Nc4
Qc7 26. Qe3 Kh7 27. h5 $1 {A strong move by Caruana: sacrificing a pawn to
open files.} g5 $1 {Topalov is correct to decline the pawn sacrifice.} (27...
Nxh5 $4 {would just lose a game.} 28. Rdg1 f5 29. f4 $1 {with the following
Qf3 and Black has no defence against Rxh5.}) (27... gxh5 {is possible, but
risky. For example:} 28. Nb6 Rad8 29. Rd3 $1 {preparing Rc3 followed by Nd7.})
28. h6 f5 29. Qd2 {Freeing the e3-square for the knight, which can attack the
f5-pawn from there. This position is very complicated, which means that plan
with ...f6 was better than Topalov's h6-plan.} Rf6 30. Rdg1 Rg6 31. Ne3 Rf8 32.
Nc4 $6 {Not a good move.} (32. Ng2 $1 {is the right move, exchanging the
f4-knight} Nxg2 33. Rxg2 Bd8 34. Bd3 {with a slight advantage for Caruana.})
32... Bd8 $1 33. Rd1 Rff6 34. Qf2 Rxh6 35. Qa7 $2 {In time trouble Caruana
makes several inaccurate moves.} (35. Ne3 {is better.}) 35... Rxh1 36. Rxh1+
Rh6 37. Qg1 $6 (37. Rxh6+ Kxh6 38. Qg1 {was more accurate, since it would not
allow Topalov to place his rook on h4.}) 37... Rh4 $1 38. Ne3 Qf7 39. Ng2 $6
Rxh1 40. Qxh1+ Qh5 41. Qxh5+ Nxh5 42. Ne3 Ng3 43. Kc1 Kg6 44. Kd1 g4 $6 (44...
e4 $1 45. fxe4 Nxe4 46. Bd7 Ng3 {and White cannot stop the black pawns from
advancing.}) 45. fxg4 f4 46. Nc4 $2 {The final mistake by Caruana.} (46. Nf5 $1
{aiming for an opposite coloured bishop ending that has huge drawing
tendencies.} Nxf5 47. Bd3 f3 48. Kd2 Kg5 49. Bxf5 Kf4 50. Kd3 Kg3 51. Be4 Kxg4
52. c3 {and it is not clear to me how Topalov was going to win this position.})
46... Bc7 {Now it is over.} 47. Bd7 Kg5 48. Ke1 f3 49. Ne3 Bb6 {Topalov's
pawns are unstoppable, so Caruana resigned. A very intense game, where Caruana
took a lot of risks, but in the end Topalov just played a better game.} 0-1